[Event "Transnational op"]
[Site "Montreal CAN"]
[Date "2023.06.09"]
[Round "1.35"]
[White "Tachijian, Mardig"]
[Black "Vidyarthi, Omya"]
[Result "0-1"]
[WhiteElo "1717"]
[BlackElo "2081"]
[PlyCount "102"]
[EventDate "2023.06.09"]
[EventType "swiss"]
[EventRounds "5"]
[EventCountry "CAN"]

1. e4 e5 2. Nf3 Nc6 3. d4 exd4 4. Nxd4 Nf6 5. Nc3 Bb4 6. Nxc6 bxc6 7. Bd3 d5 8.
O-O Bxc3 9. bxc3 dxe4 10. Qe2 O-O 11. Bxe4 Re8 12. f3 Qe7 13. Re1 Bf5 14. Qc4
Nxe4 15. Qxc6 Qc5+ 16. Qxc5 Nxc5 17. Bf4 Ne6 18. Bg3 Bxc2 19. Re2 Ba4 20. Re4
Bc6 21. Rc4 Bd5 22. Ra4 c5 23. c4 Bb7 24. Rb1 Re7 25. Ra5 h6 26. Bd6 Rd7 27.
Bxc5 Nxc5 28. Rxc5 Rc8 29. Rxc8+ Bxc8 30. Rb8 Rc7 31. Rb4 Be6 32. Ra4 Bxc4 33.
Kf2 Bb5 34. Rb4 a6 35. a4 Rc4 36. Rxc4 Bxc4 37. a5 Kf8 38. Ke3 Ke7 39. Kd4 Bf1
40. g3 Kd6 41. h4 Be2 42. Ke3 Bd1 43. g4 Kc5 44. g5 hxg5 45. hxg5 Kb5 46. f4
Kxa5 47. f5 Kb4 48. Kd2 Bh5 49. Kc2 f6 50. gxf6 gxf6 51. Kb2 Bg4 0-1

[Event "Transnational op"]
[Site "Montreal CAN"]
[Date "2023.06.09"]
[Round "1.36"]
[White "Libersan, Thierry"]
[Black "Mullur, Neerav"]
[Result "1/2-1/2"]
[WhiteElo "2063"]
[BlackElo "1689"]
[PlyCount "96"]
[EventDate "2023.06.09"]
[EventType "swiss"]
[EventRounds "5"]
[EventCountry "CAN"]

1. d4 d5 2. Bf4 c5 3. e3 Nc6 4. c3 Bf5 5. Nd2 Nf6 6. h3 e6 7. Qb3 Qb6 8. Ngf3
c4 9. Qxb6 axb6 10. a3 h6 11. Be2 Nd7 12. Rc1 b5 13. O-O Nb6 14. Bd1 Na4 15.
Bxa4 bxa4 16. Rfe1 Kd7 17. e4 Bg6 18. Rcd1 f6 19. Re2 Na5 20. Rde1 Re8 21. Nh4
Bf7 22. exd5 exd5 23. Rxe8 Bxe8 24. Nf5 Bg6 25. g4 Bxf5 26. gxf5 Bd6 27. Bxd6
Kxd6 28. Re6+ Kd7 29. Nf1 Nc6 30. Ne3 Ne7 31. Rb6 Kc7 32. Rb5 Rd8 33. Ra5 Kb6
34. Rc5 Rd6 35. Kg2 Rd7 36. Kf3 Ka6 37. Nc2 b6 38. Nb4+ Kb7 39. Rb5 Rd6 40. Kf4
Rd7 41. Kg4 Rd6 42. h4 Rd7 43. f3 Rd6 44. Kf4 Rd7 45. h5 Rd6 46. Kg4 Rd7 47.
Kf4 Rd6 48. Kg4 Rd7 1/2-1/2

[Event "Transnational op"]
[Site "Montreal CAN"]
[Date "2023.06.09"]
[Round "1.37"]
[White "Sonko, Babacar"]
[Black "Tinica, Gabriel"]
[Result "1/2-1/2"]
[WhiteElo "1671"]
[BlackElo "2048"]
[PlyCount "88"]
[EventDate "2023.06.09"]
[EventType "swiss"]
[EventRounds "5"]
[EventCountry "CAN"]

1. f4 Nf6 2. Nf3 g6 3. e3 Bg7 4. Be2 O-O 5. O-O d6 6. d3 Nc6 7. Qe1 e5 8. e4
exf4 9. Nc3 d5 10. Bxf4 dxe4 11. dxe4 Nd4 12. Qh4 Nxe2+ 13. Nxe2 Nxe4 14. Qxd8
Rxd8 15. Bxc7 Rd7 16. Be5 Bxe5 17. Nxe5 Re7 18. Nd3 b6 19. Nef4 Bb7 20. Rfe1 f5
21. h4 Kg7 22. Re3 Rae8 23. Rae1 Kf7 24. Nf2 Nc5 25. Rxe7+ Rxe7 26. Rxe7+ Kxe7
27. N4d3 Nxd3 28. Nxd3 Kd6 29. g3 Kd5 30. Kf2 Kd4 31. Nf4 Ke4 32. Ne6 h6 33.
Nf8 g5 34. hxg5 hxg5 35. Nh7 g4 36. Nf6+ Kd4 37. Ke2 Ba6+ 38. Kf2 Bc4 39. a3 b5
40. Nh5 Bd5 41. Nf4 Be4 42. Ne2+ Kc5 43. c3 Kd5 44. Ke3 Ke5 1/2-1/2

[Event "Transnational op"]
[Site "Montreal CAN"]
[Date "2023.06.09"]
[Round "1.38"]
[White "Boulay, David"]
[Black "Jutras, Arnaud"]
[Result "1-0"]
[WhiteElo "2036"]
[BlackElo "1649"]
[PlyCount "135"]
[EventDate "2023.06.09"]
[EventType "swiss"]
[EventRounds "5"]
[EventCountry "CAN"]

1. d4 d5 2. c4 c6 3. Nc3 Nf6 4. e3 e6 5. Nf3 Be7 6. Bd3 dxc4 7. Bxc4 b5 8. Bd3
a6 9. a4 b4 10. Nb1 c5 11. O-O O-O 12. Nbd2 Nc6 13. Nb3 Ra7 14. Qc2 Na5 15.
Nxa5 Qxa5 16. dxc5 Qxc5 17. Qxc5 Bxc5 18. b3 Rd8 19. Be2 Ne4 20. Nd4 Bxd4 21.
exd4 Nc3 22. Bc4 Rad7 23. Be3 a5 24. Rac1 Bb7 25. Rfe1 Bd5 26. Bxd5 Rxd5 27. f3
h6 28. Bd2 Na2 29. Rc2 Nc3 30. Bxc3 bxc3 31. Rxc3 Rxd4 32. Kf2 Rd2+ 33. Re2
Rxe2+ 34. Kxe2 Kh7 35. Rc5 Ra8 36. Kd3 Kg6 37. Kc3 Kf6 38. b4 axb4+ 39. Kxb4 e5
40. a5 Ke6 41. Rc6+ Kd7 42. Rb6 Kc7 43. Kb5 f5 44. Re6 Rb8+ 45. Kc5 Ra8 46. a6
Kd7 47. Rb6 e4 48. fxe4 fxe4 49. Kd4 Kc7 50. Rg6 Kd8 51. Kxe4 Ke7 52. Rb6 Kf7
53. Kd5 Kg8 54. Kc6 Ra7 55. Rb8+ Kh7 56. Kb6 Rf7 57. a7 Rf6+ 58. Kc5 Rf5+ 59.
Kd4 Rf4+ 60. Ke3 Ra4 61. a8=Q Rxa8 62. Rxa8 Kg6 63. Kf4 h5 64. Ra6+ Kh7 65. Kg5
g6 66. Ra7+ Kh8 67. Kxg6 Kg8 68. Ra8# 1-0

[Event "Transnational op"]
[Site "Montreal CAN"]
[Date "2023.06.09"]
[Round "1.39"]
[White "Yang, Jing Yao"]
[Black "Jiang, Barron Jiyu"]
[Result "1/2-1/2"]
[WhiteElo "1646"]
[BlackElo "2036"]
[PlyCount "89"]
[EventDate "2023.06.09"]
[EventType "swiss"]
[EventRounds "5"]
[EventCountry "CAN"]

1. d4 Nf6 2. c4 g6 3. Nc3 d5 4. cxd5 Nxd5 5. e4 Nxc3 6. bxc3 Bg7 7. Bc4 c5 8.
Ne2 O-O 9. O-O Nc6 10. Be3 cxd4 11. cxd4 Na5 12. Bd3 e5 13. d5 b6 14. Rc1 f5
15. f3 Bd7 16. Nc3 Nb7 17. Nb5 Bxb5 18. Bxb5 Nd6 19. Bc6 Rc8 20. Qa4 Rc7 21.
Bb5 Nxb5 22. Qxb5 fxe4 23. fxe4 Rxc1 24. Rxc1 Qh4 25. Qc4 b5 26. Qd3 Bh6 27.
Bxh6 Qxh6 28. Rd1 Qf4 29. d6 Qf2+ 30. Kh1 Qc5 31. d7 Rd8 32. Qh3 Qe7 33. Qb3+
Qf7 34. Qxb5 Qxa2 35. Qxe5 Qb3 36. Qe8+ Kg7 37. Rf1 Qc4 38. Qe7+ Kh6 39. Qh4+
Kg7 40. Qf6+ Kh6 41. Qf4+ Kg7 42. Qf6+ Kh6 43. Qf4+ Kg7 44. g4 Qe6 45. Rd1
1/2-1/2

[Event "Transnational op"]
[Site "Montreal CAN"]
[Date "2023.06.09"]
[Round "1.40"]
[White "Darvekar, Yash"]
[Black "Fiset, Anais Chloe"]
[Result "0-1"]
[WhiteElo "1990"]
[BlackElo "1627"]
[PlyCount "60"]
[EventDate "2023.06.09"]
[EventType "swiss"]
[EventRounds "5"]
[EventCountry "CAN"]

1. e4 c6 2. d4 d5 3. Nc3 dxe4 4. Nxe4 Nf6 5. Nxf6+ exf6 6. c3 Bf5 7. Bd3 Bxd3
8. Qxd3 Bd6 9. Ne2 O-O 10. Be3 Nd7 11. O-O Re8 12. Rfd1 Nf8 13. b4 a5 14. b5
Qd7 15. Rab1 Ne6 16. bxc6 bxc6 17. Rb6 Qc7 18. d5 cxd5 19. Rb5 Bxh2+ 20. Kh1
Be5 21. Rxd5 Rad8 22. c4 Rb8 23. Nc3 Bf4 24. Nb5 Qc6 25. Nd4 Qc7 26. Nxe6 fxe6
27. Rc5 Red8 28. Rxc7 Rxd3 29. Rxg7+ Kxg7 30. Rxd3 Rb1+ 0-1

[Event "Transnational op"]
[Site "Montreal CAN"]
[Date "2023.06.09"]
[Round "1.41"]
[White "Guillemette, Thomas"]
[Black "Di Matteo, Alessio"]
[Result "1/2-1/2"]
[WhiteElo "1600"]
[BlackElo "1986"]
[PlyCount "101"]
[EventDate "2023.06.09"]
[EventType "swiss"]
[EventRounds "5"]
[EventCountry "CAN"]

1. e4 c5 2. c3 e6 3. d4 cxd4 4. cxd4 Nf6 5. e5 Nd5 6. Nc3 Nxc3 7. bxc3 Nc6 8.
Nf3 d6 9. Bf4 Be7 10. Bd3 dxe5 11. Nxe5 Bd7 12. Nxd7 Qxd7 13. O-O Bf6 14. Re1
a6 15. Rc1 O-O 16. Re3 g6 17. Rg3 Rfe8 18. Qg4 Rad8 19. Bg5 Bxg5 20. Qxg5 Qe7
21. Be4 Rc8 22. h4 Qxg5 23. hxg5 Nxd4 24. Kf1 Nc6 25. Rd3 Red8 26. Rxd8+ Nxd8
27. Ke2 Nc6 28. Rb1 b5 29. a4 bxa4 30. Ra1 Ne5 31. f4 Nd7 32. Kd2 Nc5 33. Bc2
Rb8 34. Kc1 Rc8 35. Kd2 Rd8+ 36. Ke3 Kg7 37. Ra3 h6 38. gxh6+ Kxh6 39. c4 Rb8
40. Kd4 Nb3+ 41. Kc3 Nc5 42. Bxa4 Ne4+ 43. Kd4 Nd6 44. c5 Rb4+ 45. Kd3 Ne4 46.
Be8 Nxc5+ 47. Kc3 Rb7 48. Kd4 Nb3+ 49. Kc4 Nd2+ 50. Kd3 Nf1 51. Ke2 {illisible}
1/2-1/2

[Event "Transnational op"]
[Site "Montreal CAN"]
[Date "2023.06.09"]
[Round "1.42"]
[White "Armstrong, Robert J"]
[Black "Currie, Sophia"]
[Result "1/2-1/2"]
[WhiteElo "1569"]
[BlackElo "1599"]
[PlyCount "71"]
[EventDate "2023.06.09"]
[EventType "swiss"]
[EventRounds "5"]
[EventCountry "CAN"]

1. d4 d5 2. Nf3 Nf6 3. e3 Bf5 4. c4 e6 5. Bd3 Bxd3 6. Qxd3 Be7 7. O-O Nbd7 8.
Nc3 O-O 9. Bd2 c6 10. Rae1 a5 11. cxd5 exd5 12. Ne5 Nxe5 13. dxe5 Nd7 14. f4
Nb6 15. Rf3 Bc5 16. Ref1 Nc4 17. Bc1 a4 18. Kh1 Qb6 19. Rh3 h6 20. f5 Nxe5 21.
Qe2 f6 22. e4 Nf7 23. exd5 Rfe8 24. Qh5 Bd4 25. Bf4 Bxc3 26. bxc3 Qb5 27. Rg1
Qxd5 28. Qg6 Ne5 29. Bxe5 Rxe5 30. Rxh6 Rae8 31. Qh7+ Kf8 32. Qg6 gxh6 33.
Qxf6+ Kg8 34. Qg6+ Kf8 35. Qf6+ Kg8 36. Qg6+ 1/2-1/2

[Event "Transnational op"]
[Site "Montreal CAN"]
[Date "2023.06.10"]
[Round "2.27"]
[White "Lalonde, Olivier"]
[Black "Boulay, David"]
[Result "1/2-1/2"]
[WhiteElo "2393"]
[BlackElo "2036"]
[PlyCount "84"]
[EventDate "2023.06.09"]
[EventType "swiss"]
[EventRounds "5"]
[EventCountry "CAN"]

1. e4 c6 2. d4 d5 3. f3 Nf6 4. e5 Nfd7 5. f4 e6 6. Nd2 c5 7. c3 Nc6 8. Ndf3 Be7
9. Bd3 Nb6 10. h4 cxd4 11. cxd4 Bd7 12. a3 a6 13. b3 a5 14. Ne2 a4 15. b4 Nc4
16. Bc2 b5 17. g4 Qb6 18. Kf2 f6 19. Kg2 O-O-O 20. Qd3 Rdf8 21. Rf1 Bd8 22. Bd2
Be8 23. h5 f5 24. gxf5 Rxf5 25. Ng3 Rff8 26. Qc3 g6 27. h6 Rf7 28. Rad1 Rhf8
29. Bc1 Rc7 30. Rf2 Ne7 31. Qe1 Nf5 32. Bxf5 gxf5 33. Qh1 Rg8 34. Ng5 Bxg5 35.
fxg5 Kb8 36. Ne2 Bf7 37. Qh4 Qc6 38. Nf4 Qe8 39. Rh1 Qe7 40. Nd3 Ka7 41. Nc5
Rcc8 42. Kf1 Bg6 1/2-1/2

[Event "Transnational op"]
[Site "Montreal CAN"]
[Date "2023.06.10"]
[Round "2.29"]
[White "Vidyarthi, Omya"]
[Black "Latorre, Vincent"]
[Result "1-0"]
[WhiteElo "2081"]
[BlackElo "2212"]
[PlyCount "71"]
[EventDate "2023.06.09"]
[EventType "swiss"]
[EventRounds "5"]
[EventCountry "CAN"]

1. Nf3 Nf6 2. c4 g6 3. Nc3 Bg7 4. g3 O-O 5. Bg2 d6 6. d4 Bf5 7. Nh4 Bc8 8. Nf3
Nc6 9. O-O Nd7 10. Rb1 e5 11. dxe5 Ndxe5 12. Nxe5 Nxe5 13. Qc2 Re8 14. b3 a5
15. Bb2 Bf5 16. e4 Bd7 17. Nd5 c6 18. Ne3 Ng4 19. Nxg4 Bxg4 20. h3 Be6 21. Rbd1
Qc7 22. g4 Bxb2 23. Qxb2 a4 24. f4 axb3 25. axb3 Qb6+ 26. Rf2 Rad8 27. Kh1 Qc5
28. Qd2 f5 29. gxf5 gxf5 30. Bf3 h6 31. Bh5 Kh7 32. Bxe8 Rxe8 33. Rg2 Re7 34.
Qc3 d5 35. Qf6 dxe4 36. Qg6+ 1-0

[Event "Transnational op"]
[Site "Montreal CAN"]
[Date "2023.06.10"]
[Round "2.30"]
[White "Saha, Ananda"]
[Black "Morteza, Arian"]
[Result "1-0"]
[WhiteElo "2209"]
[BlackElo "1695"]
[PlyCount "93"]
[EventDate "2023.06.09"]
[EventType "swiss"]
[EventRounds "5"]
[EventCountry "CAN"]

1. Nf3 f5 2. c4 Nf6 3. Nc3 g6 4. g3 Bg7 5. Bg2 O-O 6. d4 d6 7. O-O Qe8 8. d5 a5
9. Nd4 Na6 10. b3 Nc5 11. Ncb5 Na6 12. Bb2 Bd7 13. Nc3 Nc5 14. Qc2 Kh8 15. Rad1
c6 16. Ba3 cxd5 17. Nxd5 Nxd5 18. cxd5 Rc8 19. Bxc5 Rxc5 20. Qd2 Qf7 21. Rc1
Rfc8 22. e3 h6 23. Rxc5 Rxc5 24. Rc1 Rxd5 25. Bxd5 Qxd5 26. Qd1 e5 27. Ne2 Qe6
28. Qd2 Bc6 29. Qxa5 Bf3 30. Kf1 Kh7 31. Ke1 g5 32. Rc7 d5 33. Qb4 Qa6 34. Ng1
Bg2 35. Qxb7 Qf1+ 36. Kd2 Qxf2+ 37. Ne2 Kg6 38. Rxg7+ Kh5 39. Qa6 Bf1 40. h4 d4
41. exd4 exd4 42. Qd3 Qg2 43. hxg5 hxg5 44. Re7 Qd5 45. Qxd4 Qa5+ 46. Nc3 Qa3
47. Rh7+ 1-0

[Event "Transnational op"]
[Site "Montreal CAN"]
[Date "2023.06.10"]
[Round "2.31"]
[White "Sasportas, Mosche"]
[Black "Pomerantz, Daniel"]
[Result "0-1"]
[WhiteElo "1616"]
[BlackElo "2198"]
[PlyCount "70"]
[EventDate "2023.06.09"]
[EventType "swiss"]
[EventRounds "5"]
[EventCountry "CAN"]

1. e4 c5 2. Nf3 e6 3. d4 cxd4 4. Nxd4 Nc6 5. Nc3 Qc7 6. Be3 a6 7. Qd2 Nf6 8.
O-O-O Be7 9. f3 b5 10. g4 Nxd4 11. Bxd4 Bb7 12. Kb1 O-O 13. h4 Rac8 14. h5 e5
15. Be3 d5 16. exd5 Nxd5 17. Nxd5 Bxd5 18. Qf2 Qc6 19. Rh3 Rfd8 20. Rc1 Qe6 21.
Ka1 Bxa2 22. Bd3 Qd5 23. g5 Bc4 24. Be4 Qd7 25. Rhh1 Be6 26. g6 f5 27. gxh7+
Kh8 28. Bd3 Qd5 29. b3 Qd6 30. Rcd1 e4 31. Bc1 Bf6+ 32. Kb1 exd3 33. Rxd3 Qe5
34. Rxd8+ Rxd8 35. c3 Qxc3 0-1

[Event "Transnational op"]
[Site "Montreal CAN"]
[Date "2023.06.10"]
[Round "2.32"]
[White "Fiset, Anais Chloe"]
[Black "Wang, Derek"]
[Result "0-1"]
[WhiteElo "1627"]
[BlackElo "2114"]
[PlyCount "114"]
[EventDate "2023.06.09"]
[EventType "swiss"]
[EventRounds "5"]
[EventCountry "CAN"]

1. e4 c5 2. Nf3 e6 3. d4 cxd4 4. Nxd4 Nc6 5. Bf4 a6 6. Nxc6 bxc6 7. c4 Bc5 8.
Nc3 Ne7 9. Bd3 d5 10. Qc2 Bd6 11. Bxd6 Qxd6 12. O-O d4 13. Ne2 c5 14. f4 f5 15.
exf5 exf5 16. Ng3 O-O 17. Rae1 Bd7 18. Re5 g6 19. Rfe1 Rae8 20. b4 Nc6 21. bxc5
Qc7 22. Rxe8 Rxe8 23. Rxe8+ Bxe8 24. Qf2 Qa5 25. Qe2 Bd7 26. Qf3 Qxc5 27. a3
Be6 28. Qe2 Kf7 29. Qa2 Na5 30. Qb2 Bxc4 31. Bxc4+ Qxc4 32. Qb6 Nb3 33. Qb7+
Kg8 34. Qb8+ Kg7 35. Qe5+ Kf7 36. Qh8 Qc1+ 37. Nf1 Qxa3 38. Qxh7+ Kf6 39. Qh8+
Ke6 40. Qg8+ Kd7 41. Qf7+ Kc6 42. Qe6+ Kb7 43. Qd5+ Kb6 44. Qd8+ Kb5 45. Qd5+
Nc5 46. Qxd4 Qb4 47. Qd6 Ne4 48. Qe5+ Qc5+ 49. Qxc5+ Kxc5 50. Ne3 a5 51. Nc2 a4
52. h3 Kc4 53. Na3+ Kb4 54. Nc2+ Kc3 55. Na3 Kb2 56. Nc4+ Kb3 57. Na5+ Kc3 0-1

[Event "Transnational op"]
[Site "Montreal CAN"]
[Date "2023.06.10"]
[Round "2.33"]
[White "Guillemette, Hugo"]
[Black "Crete, Mathys"]
[Result "1-0"]
[WhiteElo "2219"]
[BlackElo "1735"]
[PlyCount "63"]
[EventDate "2023.06.09"]
[EventType "swiss"]
[EventRounds "5"]
[EventCountry "CAN"]

1. e4 c5 2. Nf3 d6 3. Bb5+ Bd7 4. Bxd7+ Nxd7 5. O-O Ngf6 6. d3 g6 7. Ng5 Bg7 8.
f4 h6 9. Nh3 O-O 10. Kh1 c4 11. Nc3 Nc5 12. Qe2 cxd3 13. cxd3 Nfd7 14. Be3 Qa5
15. d4 Na4 16. Nxa4 Qxa4 17. b3 Qb4 18. Rac1 Rac8 19. Rfd1 Nf6 20. Nf2 Rc6 21.
Rxc6 bxc6 22. Rc1 Rc8 23. h3 Nh5 24. Kh2 e5 25. fxe5 dxe5 26. d5 Nf4 27. Qa6
Qe7 28. Qxc8+ Kh7 29. g3 Ne2 30. Rxc6 Qb4 31. Rc1 f5 32. exf5 1-0

[Event "Transnational op"]
[Site "Montreal CAN"]
[Date "2023.06.10"]
[Round "2.34"]
[White "Byl, Oliver"]
[Black "Libersan, Thierry"]
[Result "1/2-1/2"]
[WhiteElo "1720"]
[BlackElo "2063"]
[PlyCount "77"]
[EventDate "2023.06.09"]
[EventType "swiss"]
[EventRounds "5"]
[EventCountry "CAN"]

1. d4 Nf6 2. Nf3 g6 3. g3 Bg7 4. Bg2 O-O 5. O-O d6 6. b3 c5 7. Bb2 cxd4 8. Nxd4
d5 9. c4 dxc4 10. Nd2 cxb3 11. Qxb3 Nbd7 12. Rac1 a6 13. Rfd1 Qa5 14. Nc4 Qh5
15. Ne3 Ne5 16. Rc7 Bh3 17. Rxb7 Bxg2 18. Kxg2 Bh6 19. Nf3 Nfg4 20. Nxg4 Nxg4
21. h3 Nf6 22. Rxe7 Bg7 23. Rb7 g5 24. g4 Nxg4 25. Bxg7 Kxg7 26. Nxg5 Qxg5 27.
hxg4 Qxg4+ 28. Qg3 Qxg3+ 29. Kxg3 Rac8 30. Rd6 Rc3+ 31. e3 Ra3 32. Ra7 Rxa2 33.
Raxa6 Rxa6 34. Rxa6 Rb8 35. e4 Rb1 36. f4 Rg1+ 37. Kf2 Rg6 38. Rxg6+ hxg6 39.
Kg3 1/2-1/2

[Event "Transnational op"]
[Site "Montreal CAN"]
[Date "2023.06.10"]
[Round "2.35"]
[White "Tinica, Gabriel"]
[Black "Yang, Jing Yao"]
[Result "1/2-1/2"]
[WhiteElo "2048"]
[BlackElo "1646"]
[PlyCount "70"]
[EventDate "2023.06.09"]
[EventType "swiss"]
[EventRounds "5"]
[EventCountry "CAN"]

1. d4 Nf6 2. c4 g6 3. Nc3 d5 4. Bg5 Ne4 5. Bh4 Nxc3 6. bxc3 c6 7. e3 Bg7 8. Bd3
Qa5 9. Ne2 Nd7 10. f4 c5 11. O-O Nb6 12. Qb3 cxd4 13. cxd4 dxc4 14. Bxc4 Nxc4
15. Qxc4 Be6 16. Qd3 Qh5 17. Bf2 Rc8 18. Ng3 Qa5 19. Rac1 O-O 20. a3 Qa4 21. d5
Bd7 22. Rb1 b6 23. Rb4 Qc2 24. Qa6 Rc7 25. Rbb1 Qa4 26. Qxa4 Bxa4 27. Be1 Rfc8
28. f5 Bc3 29. Ne2 Bxe1 30. Rfxe1 gxf5 31. Nd4 Rc3 32. Nxf5 Kf8 33. Ra1 Rc2 34.
Nd4 R2c3 35. Kf2 Rd3 1/2-1/2

[Event "Transnational op"]
[Site "Montreal CAN"]
[Date "2023.06.10"]
[Round "2.36"]
[White "Jiang, Barron Jiyu"]
[Black "Sonko, Babacar"]
[Result "1-0"]
[WhiteElo "2036"]
[BlackElo "1671"]
[PlyCount "81"]
[EventDate "2023.06.09"]
[EventType "swiss"]
[EventRounds "5"]
[EventCountry "CAN"]

1. e4 e5 2. Nf3 Nc6 3. d4 exd4 4. Nxd4 Qh4 5. Nb5 Bb4+ 6. c3 Ba5 7. Nd2 Bb6 8.
g3 Qe7 9. Qe2 a6 10. Na3 Nf6 11. Nac4 Ba7 12. Bg2 O-O 13. Ne3 d6 14. b3 Re8 15.
Bb2 Ne5 16. h3 Bd7 17. g4 Bc6 18. Nf5 Qd8 19. O-O-O b5 20. Kc2 Ng6 21. g5 Nf4
22. Qf3 N6h5 23. h4 d5 24. Ng3 dxe4 25. Ndxe4 Qe7 26. Nf6+ Qxf6 27. gxf6 Bxf3
28. Bxf3 Nxg3 29. fxg3 Ng2 30. Bxg2 Re2+ 31. Rd2 Rae8 32. Rhd1 Bf2 33. Rxe2
Rxe2+ 34. Rd2 Rxd2+ 35. Kxd2 Bxg3 36. fxg7 Be5 37. b4 Kxg7 38. Bb7 c5 39. bxc5
b4 40. c6 a5 41. cxb4 1-0

[Event "Transnational op"]
[Site "Montreal CAN"]
[Date "2023.06.10"]
[Round "2.37"]
[White "Mullur, Neerav"]
[Black "Turcotte, Jonathan"]
[Result "1/2-1/2"]
[WhiteElo "1689"]
[BlackElo "2029"]
[PlyCount "108"]
[EventDate "2023.06.09"]
[EventType "swiss"]
[EventRounds "5"]
[EventCountry "CAN"]

1. e4 c6 2. d4 d5 3. exd5 cxd5 4. c4 Nf6 5. Nc3 Nc6 6. Nf3 a6 7. cxd5 Nxd5 8.
Bc4 e6 9. O-O Be7 10. Re1 O-O 11. Ne4 b5 12. Bd3 Ncb4 13. Bb1 Nf6 14. Ne5 Bb7
15. Nc5 Bxc5 16. dxc5 Qxd1 17. Rxd1 Rfd8 18. Re1 Rac8 19. a3 Rxc5 20. Nxf7 Kxf7
21. axb4 Re5 22. Be3 Ng4 23. Ra3 Nxe3 24. Raxe3 Rxe3 25. fxe3 Rd2 26. Rf1+ Ke7
27. Rf2 Rd1+ 28. Rf1 Rxf1+ 29. Kxf1 Kf6 30. g3 h6 31. h4 Ke5 32. Ke2 Be4 33.
Bxe4 Kxe4 34. h5 e5 35. g4 Kd5 36. Kd3 e4+ 37. Kc3 Ke5 38. Kd2 Kf6 39. Kc3 Kg5
40. Kd4 Kxg4 41. Kxe4 Kxh5 42. Kf5 g5 43. e4 g4 44. e5 g3 45. e6 g2 46. e7 g1=Q
47. e8=Q+ Kh4 48. Qe4+ Kh3 49. Qf3+ Kh2 50. Qf4+ Kg2 51. Qg4+ Kf1 52. Qd1+ Kg2
53. Qg4+ Kh1 54. Qh3+ Qh2 1/2-1/2

[Event "Transnational op"]
[Site "Montreal CAN"]
[Date "2023.06.10"]
[Round "2.38"]
[White "Di Matteo, Alessio"]
[Black "Armstrong, Robert J"]
[Result "1-0"]
[WhiteElo "1986"]
[BlackElo "1569"]
[PlyCount "59"]
[EventDate "2023.06.09"]
[EventType "swiss"]
[EventRounds "5"]
[EventCountry "CAN"]

1. d4 f5 2. c4 Nf6 3. g3 e6 4. Bg2 Be7 5. Nc3 O-O 6. Nh3 c6 7. O-O d5 8. b3 Ne4
9. Bb2 Bf6 10. e3 Qe8 11. Rc1 Na6 12. a3 Nc7 13. f3 Ng5 14. Nf2 e5 15. cxd5
cxd5 16. dxe5 Be7 17. Nxd5 Nce6 18. Nxe7+ Qxe7 19. f4 Rd8 20. Qc2 Nf7 21. b4
Rb8 22. Rfd1 Bd7 23. Qb3 b6 24. e4 fxe4 25. Nxe4 Bb5 26. Nd6 Nxd6 27. exd6 Qd7
28. f5 Ba4 29. Qxe6+ Qxe6 30. fxe6 1-0

[Event "Transnational op"]
[Site "Montreal CAN"]
[Date "2023.06.10"]
[Round "2.39"]
[White "Currie, Sophia"]
[Black "Duval, Mathieu"]
[Result "0-1"]
[WhiteElo "1599"]
[BlackElo "1867"]
[PlyCount "66"]
[EventDate "2023.06.09"]
[EventType "swiss"]
[EventRounds "5"]
[EventCountry "CAN"]

1. e4 c5 2. Nf3 Nc6 3. d4 cxd4 4. Nxd4 d6 5. Nc3 g6 6. Be3 Bg7 7. Qd2 Nf6 8. f3
Bd7 9. O-O-O O-O 10. Nb3 Rc8 11. Bh6 Na5 12. Nd4 Nc4 13. Bxc4 Rxc4 14. Bxg7
Kxg7 15. h4 h5 16. Qd3 Rc8 17. Rde1 a6 18. e5 dxe5 19. Rxe5 b5 20. Rhe1 e6 21.
g4 hxg4 22. fxg4 Nxg4 23. Rg5 b4 24. Ne4 e5 25. Nf3 Bf5 26. Qxd8 Rfxd8 27. Rxf5
gxf5 28. Neg5 e4 29. Nd2 e3 30. Ndf3 Nf2 31. Rg1 Kf6 32. h5 e2 33. Nd2 Nd3+ 0-1

[Event "Transnational op"]
[Site "Montreal CAN"]
[Date "2023.06.10"]
[Round "2.40"]
[White "Darvekar, Yash"]
[Black "Guillemette, Thomas"]
[Result "1/2-1/2"]
[WhiteElo "1990"]
[BlackElo "1600"]
[PlyCount "130"]
[EventDate "2023.06.09"]
[EventType "swiss"]
[EventRounds "5"]
[EventCountry "CAN"]

1. e4 c5 2. Nf3 d6 3. d4 cxd4 4. Nxd4 Nf6 5. Nc3 g6 6. Be3 Bg7 7. f3 Nc6 8. Qd2
O-O 9. Bc4 Bd7 10. O-O-O Rc8 11. Bb3 Ne5 12. Kb1 Nc4 13. Bxc4 Rxc4 14. h4 h5
15. g4 a6 16. gxh5 Nxh5 17. Nce2 Qc7 18. Rc1 Ra4 19. Nc3 Rc4 20. Nd5 Qd8 21. b3
Rc8 22. Bh6 e6 23. Bxg7 Kxg7 24. Ne3 Qc7 25. c4 Qc5 26. Rhg1 Rh8 27. Rg5 Qc7
28. Rcg1 Kf8 29. Ne2 Ke7 30. f4 Nf6 31. Nc3 Bc6 32. Qd3 Rxh4 33. Ng4 Nxg4 34.
R5xg4 Rxg4 35. Rxg4 b5 36. f5 bxc4 37. Qh3 Be8 38. Qh4+ Kd7 39. fxe6+ fxe6 40.
e5 d5 41. Qh7+ Kc6 42. Qxc7+ Rxc7 43. bxc4 Kd7 44. Na4 dxc4 45. Nb6+ Kc6 46.
Nxc4 Kd5 47. Nd6 Kxe5 48. Nxe8 Re7 49. Rg5+ Kf4 50. Rxg6 Rxe8 51. Kc2 Kf5 52.
Rg7 e5 53. Kd2 Ke4 54. Rg6 Ra8 55. Ke2 a5 56. Rg4+ Kf5 57. Ra4 Ke6 58. Ke3 Kd5
59. Kd3 Ra6 60. Ke3 Kc5 61. Ke4 Kb5 62. Ra3 Re6 63. Kd5 Re8 64. Rb3+ Ka6 65. a4
e4 1/2-1/2

[Event "Transnational op"]
[Site "Montreal CAN"]
[Date "2023.06.10"]
[Round "2.42"]
[White "Ulrich, Samuel"]
[Black "Brassard, Sylvain"]
[Result "1-0"]
[WhiteElo "1916"]
[BlackElo "1768"]
[PlyCount "50"]
[EventDate "2023.06.09"]
[EventType "swiss"]
[EventRounds "5"]
[EventCountry "CAN"]

1. d4 d5 2. c4 Nc6 3. cxd5 Qxd5 4. Nf3 e5 5. Nc3 Bb4 6. Bd2 Bxc3 7. Bxc3 e4 8.
Nd2 Bg4 9. f3 Bf5 10. e3 Nf6 11. Bc4 Qd6 12. Qb3 O-O 13. O-O-O a5 14. a4 Nb4
15. h4 exf3 16. gxf3 Nd3+ 17. Bxd3 Bxd3 18. e4 Qc6 19. d5 Qc5 20. Rhg1 b5 21.
axb5 Rfb8 22. Qa3 Qxa3 23. bxa3 Ne8 24. a4 g6 25. Rde1 f5 1-0

[Event "Transnational op"]
[Site "Montreal CAN"]
[Date "2023.06.10"]
[Round "2.43"]
[White "Forget, Luc"]
[Black "Tachijian, Mardig"]
[Result "1-0"]
[WhiteElo "1856"]
[BlackElo "1717"]
[PlyCount "111"]
[EventDate "2023.06.09"]
[EventType "swiss"]
[EventRounds "5"]
[EventCountry "CAN"]

1. d4 c5 2. d5 Nf6 3. c4 b5 4. cxb5 a6 5. b6 Qxb6 6. Nc3 d6 7. Nf3 g6 8. Nd2
Bg7 9. e4 O-O 10. Nc4 Qc7 11. Bd3 Nbd7 12. h3 Rb8 13. O-O Nb6 14. Re1 Nxc4 15.
Bxc4 Nd7 16. Qe2 Ne5 17. a3 Nxc4 18. Qxc4 Bd7 19. Qe2 Rb3 20. Qc2 Rfb8 21. Re2
Qa5 22. Nd1 Qa4 23. Bg5 R3b7 24. Qc1 Bb5 25. Re3 Bd4 26. Rg3 Qc4 27. Nc3 Bxc3
28. Qxc3 Qxe4 29. Re1 Qd4 30. Bxe7 Qxc3 31. bxc3 Re8 32. Rge3 Rd7 33. Bf6 Rxe3
34. Rxe3 Kf8 35. Re4 Rb7 36. c4 Ba4 37. Re3 h6 38. h4 Bb3 39. Rc3 a5 40. f3 Rb8
41. Kf2 a4 42. Re3 Re8 43. Bg7+ Kxg7 44. Rxe8 Bxc4 45. Rd8 Bxd5 46. Rxd6 Bb3
47. Ke3 Kf8 48. Rc6 c4 49. Kd4 Ke7 50. h5 Kd7 51. Ra6 Bd1 52. hxg6 fxg6 53.
Rxg6 h5 54. Rh6 Be2 55. Rxh5 Ke6 56. Re5+ 1-0

[Event "Transnational op"]
[Site "Montreal CAN"]
[Date "2023.06.10"]
[Round "2.44"]
[White "Jutras, Arnaud"]
[Black "Morissette, Jean"]
[Result "1-0"]
[WhiteElo "1649"]
[BlackElo "1846"]
[PlyCount "55"]
[EventDate "2023.06.09"]
[EventType "swiss"]
[EventRounds "5"]
[EventCountry "CAN"]

1. d4 e6 2. c4 d5 3. Nf3 Nf6 4. g3 Bd7 5. Bg2 dxc4 6. Ne5 Bc6 7. Nxc6 Nxc6 8.
e3 Be7 9. Na3 Bxa3 10. bxa3 O-O 11. Rb1 Nd5 12. Qc2 e5 13. dxe5 Nxe5 14. O-O c6
15. Rd1 Qc7 16. Bb2 b5 17. Bxd5 cxd5 18. Rxd5 Nf3+ 19. Kg2 Qc6 20. e4 Rad8 21.
Kxf3 f5 22. Kg2 fxe4 23. Rxd8 e3+ 24. Kg1 Rxd8 25. fxe3 Rd3 26. Rf1 Qe4 27. Bd4
Rxd4 28. Qf2 1-0